ბათუმის შოთა რუსთაველის სახელმწიფო უნივერსიტეტის ბიბლიოთეკა

ლოგოპედია : მეტყველების თერაპია : (ბიბ.ჩანაწერი № 58286)

000 -ლიდერი
ფიქსირებული სიგრძის საკონტროლო ველი 01319nam a22002297a 4500
003 - საკონტროლო ნომრის იდენტიფიკატორი
საკონტროლო ველი Ge_BSU
005 - ბოლო ოპერაციის თარიღი და დრო
საკონტროლო ველი 20211022121837.0
008 - ფიქსირებული სიგრძის მონაცემთა ელემენტები - ზოგადი ინფორმაცია
ფიქსირებული სიგრძის საკონტროლო ველი 211022s2019 ge ||||| |||| 00| 0 geo d
020 ## - წიგნის საერთაშორისო სტანდარტული ნომერი
International Standard Book Number 9789941164040
041 ## - ენის კოდი
Language code of text/sound track or separate title geo
080 ## - უნივერსალური ათობითი კლასიფიკაციის ინდექსი
Universal Decimal Classification number 376.36 ფ-98
100 ## - მთავარი ჩანაწერი - პიროვნების სახელი
Personal name ფუტკარაძე, მზია
9 (RLIN) 12718
245 ## - ცნობა სათაურის შესახებ
Title ლოგოპედია : მეტყველების თერაპია :
Remainder of title [სახელმძღვანელო] /
Statement of responsibility, etc მზია ფუტკარაძე, ქეთევან ვაშაკიძე ; რედაქტორი ცისანა თოდუა-კარტოზია.
250 ## - გამოცემის ცნობა
Edition statement (მე-2 გადამუშავებული და შევსებული გამოცემა).
264 ## - წარმოების, გამოცემის, დისტრიბუციის და სხვა ცნობები
გამოცემის, წარმოების, დისტრიბუციის... ადგილი თბილისი :
გამოცემის, წარმოების, დისტრიბუციის... სახელწოდება საქართველოს მაცნე,
გამოცემის, წარმოების, დისტრიბუციის... თარიღი 2019.
300 ## - ფიზიკური აღწერა
Extent 272 გვ. :
Other physical details სურ. ზ;
Dimensions 21 სმ.
504 ## - BIBLIOGRAPHY, ETC. NOTE
Bibliography, etc გლოსარიუმი: გვ. 260-266.
ბიბლიოგრაფია: გვ. 267-269.
653 ## - INDEX TERM--UNCONTROLLED
Uncontrolled term ლოგოპედია
700 ## - ADDED ENTRY--PERSONAL NAME
Personal name ვაშაკიძე, ქეთევან
Relator term ავტორი
9 (RLIN) 12719
700 ## - ADDED ENTRY--PERSONAL NAME
Relator term თოდუა-კარტოზია, ცისანა
Dates associated with a name რედაქტორი
9 (RLIN) 12720
942 ## - ADDED ENTRY ELEMENTS (KOHA)
Source of classification or shelving scheme
Koha item type წიგნი
ეგზემპლარები
ჩამოწერის სტატუსი დაკარგული ეგზემპლარის სტატუსი კლასიფიკაციის წყარო ან თაროზე გაწყობის სქემა დაზიანების სტატუსი არ გაიცემა მუდმივი მდებარეობა (დაცვის ადგილი) ამჟამინდელი ადგილსამყოფელი თაროზე განთავსების ადგილი შეძენის თარიღი ღირებულება, შესყიდვის ნორმალური ფასი სრული შენახვის შიფრი შტრიხკოდი ბოლო ოპერაციის თარიღი ეგზემპლარის მიმდევრობითი ნომერი (კეტერი?) ფასის ძალაში შესვლის თარიღი ეგზემპლარის სახეობა საჯარო შენიშვნა
          ბათუმის შოთა რუსთაველის სახელმწიფო უნივერსიტეტის მთავარი ბიბლიოთეკა ბათუმის შოთა რუსთაველის სახელმწიფო უნივერსიტეტის მთავარი ბიბლიოთეკა წიგნსაცავი 2021-10-22 10.00 376.36 ფ-98 29265 2021-10-22 29265 2021-10-22 წიგნი 10 ლ.